Obrazová segmentácia a klasifikácia fázového zastúpenia a morfológie mikroštruktúry ZnAlMgSn zliatin

Gespeichert in:
Bibliographische Detailangaben
1. Verfasser: Kuchár, Daniel (Verfasst von)
Weitere Verfasser: Vrábeľ, Róbert (Betreuung Doktorarbeit)
Format: Manuskript Buch
Sprache:Slowakisch
Veröffentlicht: 2023
Schlagworte:
Online-Zugang:http://is.stuba.sk/zp/portal_zp.pl?podrobnosti=145588
Tags: Tag hinzufügen
Keine Tags, Fügen Sie das erste Tag hinzu!

MARC

LEADER 00000ntm a22000003a 4500
001 stuzp66100
003 SK-STU
005 20230909210337.0
007 ta
008 150427s2015----xo-----f-mn---000-0-slo-d
040 |a STU  |b slo 
041 0 |a slo 
100 1 |a Kuchár, Daniel  |u 066000  |4 aut  |U MTF Materiálovotechnologická fakulta  |T MTF Ústav aplikovanej informatiky, automatizácie a mechatroniky  |X 93566  |U M6000  |Y 86  |7 93566 
242 0 1 |a Image segmentation and classification of the phase composition and morphology of ZnAlMgSn alloys microstructure  |y eng 
245 1 0 |a Obrazová segmentácia a klasifikácia fázového zastúpenia a morfológie mikroštruktúry ZnAlMgSn zliatin 
260 |c 2023 
650 4 |a mikroštruktúra  |2 slo 
650 4 |a segmentácia  |2 slo 
650 4 |a klasifikácia  |2 slo 
650 4 |a Zn-Al-Mg-Sn  |2 slo 
650 4 |a image processing  |2 slo 
650 4 |a BSE  |2 slo 
650 4 |a SEM  |2 slo 
650 4 |a segmentation  |2 eng 
650 4 |a image processing  |2 eng 
650 4 |a BSE  |2 eng 
650 4 |a classification  |2 eng 
650 4 |a Zn-Al-Mg-Sn  |2 eng 
650 4 |a microstructure  |2 eng 
650 4 |a SEM  |2 eng 
700 1 |a Vrábeľ, Róbert  |u 066000  |k Z1  |4 ths  |U MTF Materiálovotechnologická fakulta  |T MTF Ústav aplikovanej informatiky, automatizácie a mechatroniky  |X 2758  |U M6000  |Y 86  |7 A000002758 
856 4 |u http://is.stuba.sk/zp/portal_zp.pl?podrobnosti=145588 
996 |c M* DzP-698  |l MMSKP  |s P  |a 0  |w stuzp66100_0001